| 000 | 00578nam a2200217 a 4500 | ||
|---|---|---|---|
| 005 | 20230202063723.0 | ||
| 008 | 991125s1997 mx 000 0 spa u | ||
| 020 | _a9682999235 | ||
| 035 | _aUPN01000039013 | ||
| 049 | _aCG | ||
| 050 | 4 |
_aPQ7297 I4 _bM4 |
|
| 100 | 1 |
_aIlich Morales, Fran _d1975- |
|
| 245 | 1 | 0 |
_aMetro-pop / _cFran Ilich |
| 260 |
_aMéxico : _bCNCA : _bSM, _c1997. |
||
| 300 | _a175 p. | ||
| 440 | 0 |
_aGran angular; _v3M |
|
| 650 | 4 |
_aLiteratura mexicana _ySiglo XX _95344 |
|
| 650 | 4 |
_aNovela mexicana _ySiglo XX _96052 |
|
| 905 | _aLibro | ||
| 999 |
_c39013 _d39013 |
||